History Quiz

Random History or Justice Quiz

Supreme Court & Equality Cases 2 Quiz Stats

Quiz not verified by Sporcle

Challenge
Share
Tweet
Embed
Score 0/30 Timer 20:00
0 Plays Today
Decision Case % Correct
After consent decree to hire more black firefighters, says City of Memphis seniority system for layoffs not a Title 7 ViolationFirefighters Union v Stotts (1984)
0%
- Gaston County sued to reinstate literacy tests. Court says you can’t bring a court case to bring literacy tests back, because your state still has unequal education Gaston County v United States (1969)
0%
- Question over the punishment of a person who helped slaves to escape. Justice Woodbury once more upheld the 1793 Fugitive Slave Act and he also stressed that the Court had no cho Jones v Van Zandt (1847)
0%
married men and married women must be treated the same in regard to fringe benefits; any classification based on sex should be treated like race (use strict scrutiny test)Frontiero v Richardson (1973)
0%
Automobile manufacturer company couldn't bar women from working due to health risk to fetus - violation of Title 7 of 1964 Civil Rights Act. International Union, United Automobile, Aerospace and Agricultural Implement Workers of America, UAW v Johnson Controls, Inc. (1991) International Union, United Automobile, Aerospace and Agricultural Implement Workers of America, UAW v Johnson Controls,
0%
- NY wouldn’t let Puerto Ricans vote because their English wasn’t good enough/couldn’t pass English literacy test. Court upholds Congress’ right to stick this into the CiviKatzenbach v Morgan (1966)
0%
Upheld federal law requiring 10% of fed govt $ to states for pub. works be 4 minority contractors Fullilove v Klutznik (1980)
0%
- Virginia county decided the best way to not integrate public schools would be to shut them down (for 5 years). Court says schools must be reopened and integrated immediately – Griffin v School Board of Prince Edward County (1963)
0%
- California had a disability insurance plan covering every possible thing that takes you away from work except pregnancy and childbirth. Court allows CA to continue doing this –Gedulig v Aiello (1974)
0%
- Michigan passed law that said no women can be bartenders in state. Frankfurt says Michigan proved law – when women serve as bartenders, might find moral & social problems croppGoesaert v Cleary (1948)
0%
- Newcann county said children can go to any public school they want (‘freedom of choice’). Not one white kid went to the local black school, only 15% of black kids ventured toGreen v County School Board (1968)
0%
- *If your case was finalized before Batson decision, you cannot use it (can if still in appeals stage) Griffith v Kentucky (1987)
0%
*- Blacks used “sit ins” as a common protest tactic against segregation - Cops didn’t know what to charge them with – said they were “breaching the peace” but didn’t Garner v Louisiana (1961)
0%
- Congress wrote Civil Rights Act in 1964 saying you can’t discriminate on basis of race. End of sit in cases – there is nothing to be gained from prosecuting “sit in” peopHamm v Rock Hill (1964)
0%
- any job besides manual labor requires IQ test which blacks did not score as well on, so ended up w lowest paying jobs. Court unanimously agreed company violated Title 7. Test wasGriggs v Duke Power Company (1971)
0%
Decision Case % Correct
Congress has right under 13th amend. To pass laws to end the “badges and incidence of slavery” – if you can’t buy a home because of your race, you’re then confined to the Jones v Alfred H. Mayer Company (1968)
0%
- Ed. dept said City was not treating men & women equally, so put end to federal $$. City argued fed money shouldnt be cut off for all programs (only athletics). Court said City waGrove City College v Bell (1984)
0%
- Brennan: found the Denver school board has deliberately segregated one section of the city; concludes that this led to segregated schools in inner city, therefore segregation wasKeyes v Denver School District Number One (1973)
0%
- Texas Democratic State Committee prevents blacks from voting in primary election. Since Texas doesn’t have state law for white primary, they are not violating the 14th amendmenGrovey v Townsend
0%
- Southern Railway Company (interstate commerce railroad) said they can’t afford two dining cars, set 10 tables for whites and 1 for blacks. Court says this is a violation of 188 Henderson v United States (1950)
0%
OK Grandfather Clause: could automatically vote w/o literacy test if ancestor voted before 1866; since blacks couldn't take advantage, violated 15th amend.Guinn vs. USA
0%
If you can't make people pay money to vote in federal elections (24th Amend.), you can't in state elections either (equal protection clause); Ends poll tax in countryHarper v Virginia Board of Elections (1966)
0%
- Sex discrimination; follow-up to Geduldig case (again looked at failure of a disability plan to cover pregnancy – except that this was a private company and not a state, so insGeneral Electric Company v Gilbert (1976)
0%
Unanimously upholds curfew imposed on Japanese citizens & aliens -- Const. gives pres & Congress rights to act as necessary to prevent espionage & sabotageHirabayashi v United States (1943)
0%
Court held that 1965 Voting Rights Act did indeed apply to judicial elections Houston Lawyers’ Association v Attorney General (1991) Houston Lawyers’ Association v Attorney General (1991)
0%
- Due process clause of the Fifth Amendment, and the 1877 Civil Rights Act said that public policy does not permit a federal court to enforce an agreement that a state court could Hurt v Hodge (1948)
0%
- Transportation Agency gave women and minorities preferential treatment in hiring (voluntary affirmative action plan). Court says there is nothing wrong with an employer voluntaryJohnson v Transportation Agency, Santa Clara County (1987)
0%
- Florida had law to encourage older people to live in Florida – says if you are a Florida resident and become a widow, we will exempt you from paying the property taxes; if you Kahn v Shevin (1974)
0%
- Florida said women can be exempt from juries simply because they’re women. Court allows FL to keep women off juries – rationale is the “old fashion” look at women that woHoyt v Florida (1961)
0%
Title VII does not apply extraterritorially to regulate the employment practices of United States firms that employ American citizens abroad. Petitioners' evidence, while not totalEqual Employment Opportunity Commission v Arabian American Oil Company
0%

You're not logged in!

Compare scores with friends on all Sporcle quizzes.
Join for Free
OR
Log In

You Might Also Like...

Show Comments

Extras

Top Quizzes Today


Score Distribution

Your Account Isn't Verified!

In order to create a playlist on Sporcle, you need to verify the email address you used during registration. Go to your Sporcle Settings to finish the process.

Report this User

Report this user for behavior that violates our Community Guidelines.

Details: